Metallica Lyrics – #15: Trapped Under Ice - Statistics

General Stats
  • This quiz has been taken 26 times
  • The average score is 66 of 121
Answer Stats
Answer % Correct
I
100%
ice,
100%
ice
100%
I'm
100%
trapped
93%
under
93%
a
86%
call
86%
can't
86%
free
86%
Freezing,
86%
hear
86%
live
86%
my
86%
to
86%
am
79%
Break
79%
break
79%
Cry
79%
dying
79%
in
79%
out,
79%
the
79%
all
71%
at
71%
don't
71%
hell
71%
Hell,
71%
how
71%
know
71%
move,
71%
move
71%
Scream,
71%
Screaming,
71%
this
71%
this?
71%
anymore
64%
on
64%
take
64%
through
64%
me
57%
of
57%
forevermore
50%
is
50%
No
50%
no
50%
soul,
50%
soul
50%
up,
50%
up
50%
what
50%
What
50%
locked
43%
tight,
43%
tight
43%
as
36%
cannot
36%
core
36%
cryonic
36%
death
36%
From
36%
from
36%
grip
36%
has
36%
here
36%
shell
36%
state
36%
and
29%
Frozen
29%
frozen
29%
Hand
29%
Woken
29%
away
21%
directly
21%
doom
21%
down
21%
Eyes
21%
have
21%
I've
21%
lay
21%
mystified
21%
one
21%
release
21%
say
21%
sleep
21%
stare
21%
still
21%
Wrapped
21%
been
14%
broken
14%
by
14%
Crystallized
14%
deep
14%
hears
14%
knows
14%
rest
14%
Fate,
7%
fate
7%
glass
7%
stricken
7%
No matching quizzes found
Score Distribution
Percent of People with Each Score
Percentile by Number Answered
Your Score History
You have not taken this quiz